[Event "St Petersburg op"]
[Site "St Petersburg"]
[Date "1993.??.??"]
[Round "?"]
[White "Neverov, Valeriy"]
[Black "Ivanov, Al"]
[Result "1/2-1/2"]
[WhiteElo "2535"]
[BlackElo "2475"]

1.d4 Nf6 2.c4 e6 3.Nf3 Bb4+ 4.Bd2 Qe7 5.g3 Nc6 6.Nc3 Bxc3 7.Bxc3 Ne4 8.Rc1 d6
9.d5 Nxc3 10.Rxc3 Nb8 11.Bg2 e5 12.O-O O-O 13.Nd2 a5 14.c5 Na6 15.cxd6 cxd6
16.Nc4 Qd8 17.Rb3 Nc5 18.Rb6 Qc7 19.Rxd6 Ne4 20.Bxe4 Qxc4 21.Bb1 Bh3 22.Qd3 Qxd3
23.Bxd3 Bxf1 24.Kxf1 Rfd8 25.Rb6 Rxd5 26.Rxb7 Rc5 27.b3 Rac8 28.Bc4  1/2-1/2

[Event "Rilton Cup op9394"]
[Site "Stockholm"]
[Date "1993.??.??"]
[Round "9"]
[White "Khenkin, Igor"]
[Black "Sjoberg, Mats"]
[Result "1-0"]
[WhiteElo "2570"]
[BlackElo "2475"]

1.d4 Nf6 2.c4 e6 3.Nf3 Bb4+ 4.Bd2 Qe7 5.g3 Nc6 6.Nc3 d5 7.a3 Bxc3 8.Bxc3 a5
9.Bg2 O-O 10.O-O b6 11.Qa4 Bb7 12.Rfd1 Ne4 13.Rac1 f5 14.Bd2 Nb8 15.Bf4 g5
16.Be5 Nd6 17.cxd5 Bxd5 18.h4 h6 19.hxg5 hxg5 20.Ne1 Bxg2 21.Kxg2 Na6 22.Nd3 Nf7
23.Qc6 Nxe5 24.Nxe5 Rfd8 25.Rh1 Kg7 26.Rh5 Rh8 27.Rxg5+  1-0

[Event "SWZ-chT"]
[Site "?"]
[Date "1993.??.??"]
[Round "?"]
[White "Nemet, Ivan"]
[Black "Levacic, Damir"]
[Result "1-0"]
[WhiteElo "2415"]
[BlackElo "2385"]

1.d4 Nf6 2.Nf3 e6 3.c4 Bb4+ 4.Bd2 a5 5.g3 d6 6.Bg2 Nbd7 7.O-O e5 8.Bc1 exd4
9.Nxd4 O-O 10.b3 Re8 11.Bb2 Ne5 12.Nc3 c6 13.Na4 d5 14.c5 b5 15.cxb6 Bd7
16.Nf3 Nxf3+ 17.exf3 Bc8 18.a3 Bf8 19.Rc1 Bb7 20.Qd2 Nd7 21.f4 Nxb6 22.Nc5 Bc8
23.a4 Nd7 24.Nd3 Qb6 25.Qc2 Rb8 26.Rfd1 Bb7 27.Ne5 Nxe5 28.Bxe5 Rbc8 29.Bh3 Rcd8
30.Bd4 Qb4 31.Bc3 Qb6 32.Bd4 Qb4 33.Bc5 Bxc5 34.Qxc5 d4 35.Qxb4 axb4 36.Bf1 Rd5
37.Re1 Rxe1 38.Rxe1 Kf8 39.Bd3 Rc5 40.Bc4 Bc8 41.Rd1 Rxc4 42.bxc4 c5 43.Kf1 Ba6
44.Rc1 Ke7 45.Ke2 Kd6 46.Kd3 Bc8 47.Kc2 Bf5+ 48.Kb2 Bg4 49.Ra1 d3 50.f3 Bxf3
51.Kc1 f5 52.Kd2 Be4 53.a5 h5 54.a6 Ba8 55.a7 Ke7 56.Ra5 Kd6 57.Rb5  1-0

[Event "SWZ-chT"]
[Site "?"]
[Date "1993.??.??"]
[Round "?"]
[White "Nemet, Ivan"]
[Black "Franzoni, Giancarlo"]
[Result "1-0"]
[WhiteElo "2415"]
[BlackElo "2435"]

1.d4 Nf6 2.c4 e6 3.Nf3 Bb4+ 4.Bd2 Bxd2+ 5.Qxd2 O-O 6.Nc3 d5 7.e3 Qe7 8.Rc1 Rd8
9.c5 c6 10.Ne5 Nfd7 11.Nd3 e5 12.Be2 e4 13.Nf4 Nf6 14.h3 Nbd7 15.b4 Nf8 16.a4 Ne6
17.Nxe6 Bxe6 18.O-O h6 19.b5 Nh7 20.f4 exf3 21.Bxf3 Ng5 22.a5 a6 23.bxc6 bxc6
24.Rb1 Qc7 25.Rb6 Re8 26.Ne2 Re7 27.Nf4 Rae8 28.h4 Nxf3+ 29.Rxf3 Bg4 30.Rg3 h5
31.Rxa6 Re4 32.Rb6 Qe7 33.a6 Qxh4 34.Qf2 g5 35.Nd3 f5 36.a7 Ra8 37.Rb8+ Re8
38.Rb7 Rf8 39.Ne5 f4 40.exf4 Rxf4 41.Nf3 Bc8 42.Nxh4  1-0

[Event "SWZ-chT"]
[Site "?"]
[Date "1993.??.??"]
[Round "?"]
[White "Gavrikov, Viktor"]
[Black "Nemet, Ivan"]
[Result "1-0"]
[WhiteElo "2575"]
[BlackElo "2415"]

1.d4 Nf6 2.c4 e6 3.Nf3 Bb4+ 4.Bd2 Qe7 5.g3 Nc6 6.Nc3 O-O 7.Bg2 d5 8.a3 Bxc3
9.Bxc3 Rd8 10.O-O a5 11.Qc2 Ne4 12.Rfd1 Nd6 13.cxd5 exd5 14.Ne5 Bf5 15.Nxc6 bxc6
16.Qd2 Re8 17.Re1 a4 18.Bb4 Qd7 19.Rac1 Nc4 20.Qc3 Bh3 21.Bh1 f5 22.e3 Re6
23.b3 axb3 24.Qxb3 Kh8 25.Rc2 Ree8 26.Rec1 Reb8 27.Rxc4 dxc4 28.Qxc4 Ra7
29.Bxc6 Qd8 30.f4 h6 31.a4 Rab7 32.Bxb7 Rxb7 33.Kf2 Qe8 34.a5 Qe4 35.a6 Qg2+
36.Ke1 Ra7 37.Bc5 Ra8 38.a7 Re8 39.Qe2 Qh1+ 40.Kd2 Qb7 41.Qh5 Qg2+ 42.Qe2 Qb7
43.Qd3 Qb2+ 44.Qc2 Qb7 45.Rb1 Qg2+ 46.Kc1 Qh1+ 47.Qd1 Qa8 48.Qc2 Kh7 49.Rb3 Kg6
50.d5 Rd8 51.Bd4 Bf1 52.Qc6+  1-0

[Event "Szekszard op"]
[Site "Szekszard"]
[Date "1993.??.??"]
[Round "1"]
[White "Berebora, Ferenc"]
[Black "Amrein, Roland"]
[Result "1-0"]
[WhiteElo "2410"]
[BlackElo "2190"]

1.d4 Nf6 2.c4 e6 3.Nf3 Bb4+ 4.Bd2 Qe7 5.g3 b6 6.Bg2 Bb7 7.O-O Bxd2 8.Nbxd2 O-O
9.Qc2 d6 10.e4 e5 11.d5 a5 12.b3 Ng4 13.a3 g6 14.Rae1 f5 15.exf5 gxf5 16.Nd4 Qf6
17.Ne6 Rf7 18.Nf3 Na6 19.h3 Nh6 20.Qc3 Re7 21.Nfg5 Qg6 22.b4 Nb8 23.Rd1 Nd7
24.c5 Ba6 25.cxd6 cxd6 26.Qc6 Ra7 27.Rfe1 Qf6 28.b5 Bb7 29.Qxd6 f4 30.Be4  1-0

[Event "Szombathely"]
[Site "Szombathely"]
[Date "1993.??.??"]
[Round "2"]
[White "Voloshin, Leonid"]
[Black "Ruck, Tamas"]
[Result "1-0"]
[WhiteElo "2420"]
[BlackElo "2285"]

1.d4 Nf6 2.c4 e6 3.Nf3 Bb4+ 4.Bd2 Qe7 5.g3 b6 6.Bg2 Bb7 7.O-O Bxd2 8.Qxd2 d6
9.Nc3 Ne4 10.Qc2 Nxc3 11.Qxc3 Nd7 12.d5 e5 13.e4 a5 14.b3 O-O 15.a3 Ra7 16.Nd2 c5
17.f4 Re8 18.f5 Ba6 19.a4 Nf6 20.Qf3 h6 21.h4 Nh7 22.Bh3 Bc8 23.Kh2 Rf8 24.Rf2 Qd8
25.Raf1 Bd7 26.Qe3 f6 27.Rg1 Qe8 28.Qe2 Kh8 29.Bg4 g6 30.fxg6 Qxg6 31.Bf5 Qg7
32.Bxd7 Rxd7 33.Rf5 Rg8 34.Nf1 Qg4 35.Qd3 Rdg7 36.Ne3 Qg6 37.Qe2 Nf8 38.Qf3 Nd7
39.Rh5 Rh7 40.Nf5 Qg4 41.Qxg4 Rxg4 42.Nxd6 Kg7 43.Kh3 Rg6 44.Nf5+ Kg8 45.Rg2 Nf8
46.Rf2 Nd7 47.Rf3 Nf8 48.d6 Rd7 49.Nxh6+ Kg7 50.Nf5+ Kf7 51.Ne7 Rxd6 52.Rxe5 Ne6
53.Nxg6 Kxg6 54.Rd5 Rc6  1-0

[Event "Tel Aviv"]
[Site "Tel Aviv"]
[Date "1993.??.??"]
[Round "?"]
[White "Shabtai, Ran"]
[Black "Birnboim, Nathan"]
[Result "0-1"]
[WhiteElo "2370"]
[BlackElo "2395"]

1.d4 Nf6 2.c4 e6 3.Nf3 Bb4+ 4.Bd2 c5 5.Bxb4 cxb4 6.g3 b6 7.Bg2 Bb7 8.O-O O-O
9.Qd3 d6 10.Nbd2 a5 11.e4 Nbd7 12.Rad1 Qc7 13.Nh4 Rac8 14.f4 Ba6 15.e5 Ne8
16.b3 Qb8 17.Ne4 b5 18.Ng5 g6 19.f5 bxc4 20.Qe4 Nef6 21.exf6 Nxf6 22.Qf3 cxb3
23.fxe6 fxe6 24.Nxe6 Bxf1 25.Rxf1 bxa2 26.Nxf8 Rxf8 27.Qb3+ Kg7 28.Qxa2 Qb6
29.Qc4 b3 30.Rb1 b2 31.Nf3 Rb8 32.Ng5 Qb3 33.Qc7+ Kh6 34.Nf7+ Kh5 35.Qe7 Qd3
36.g4+ Kxg4 37.h3+ Kh5  0-1

[Event "EU-ch U18"]
[Site "Vejen"]
[Date "1993.??.??"]
[Round "2"]
[White "Brancaleoni, Maurizio"]
[Black "Silva, Paulo"]
[Result "1-0"]
[WhiteElo "2195"]
[BlackElo "1950"]

1.d4 Nf6 2.c4 e6 3.Nf3 Bb4+ 4.Bd2 Qe7 5.g3 O-O 6.Bg2 Bxd2+ 7.Qxd2 d6 8.O-O c6
9.Nc3 d5 10.Ne5 Nbd7 11.f4 Nxe5 12.fxe5 Ne8 13.Rf4 f5 14.exf6 Nxf6 15.Raf1 Bd7
16.b3 dxc4 17.bxc4 e5 18.Rh4 exd4 19.Rxd4 Be6 20.Bf3 Qc5 21.Kg2 Bxc4 22.Rc1 b5
23.g4 Nd5 24.Nxd5 cxd5 25.Rxd5 Qc8 26.Rxb5 Qe8 27.Rb7 Rd8 28.Qb2 Bf7 29.Rxa7 Qe3
30.Rac7 Rd2 31.R7c2 Rd4 32.a3 Bd5 33.Qc3 Bxf3+ 34.exf3 Rd3 35.Qc4+ Kh8 36.Rf1 Rfd8
37.Rff2 h5 38.Qf7 hxg4 39.Qh5+ Kg8 40.Qxg4 R3d5 41.Rce2 Rd2 42.Qc4+ Kh8 43.Qh4+ Kg8
44.Qxd8+  1-0

[Event "EU-ch U18"]
[Site "Vejen"]
[Date "1993.??.??"]
[Round "2"]
[White "Borovikov, Vladislav"]
[Black "Nielsen, Peter Heine"]
[Result "1/2-1/2"]
[WhiteElo "2385"]
[BlackElo "2465"]

1.d4 Nf6 2.Nf3 e6 3.c4 Bb4+ 4.Bd2 Bxd2+ 5.Qxd2 d5 6.Nc3 O-O 7.e3 Qe7 8.Rc1 Rd8
9.cxd5 exd5 10.Bd3 Nbd7 11.O-O Nf8 12.Ne5 c6 13.f4 Ne8 14.f5 Nd6 15.Rf4 f6
16.Nf3 g5 17.fxg6 Nxg6 18.Bxg6 hxg6 19.Ne1 Nc4 20.Qf2 Qxe3 21.Qxe3 Nxe3 22.Nd3 Rf8
23.h3 g5 24.Rf2 Nf5 25.Ne2 Nd6 26.Nc3 b6 27.Nb4 Bd7 28.Nd1 Rac8 29.Rfc2 Nb5
30.Nxc6 Rxc6 31.Rxc6 Nxd4 32.Rd6 Ne2+ 33.Kf1 Nxc1 34.Rxd7 Rf7 35.Rd8+ Kg7
36.a3 Nd3 37.Rxd5 Ne5 38.Ne3 Rc7 39.Rd1 Kf7 40.Kf2 Ke6 41.Rd8 Nc4 42.Nxc4 Rxc4
43.Rd2 Rc1 44.Kg3 Rc4 45.Re2+ Kf5 46.Re7 Rc2 47.Rxa7 Rxb2 48.a4 Rb3+ 49.Kh2 Ra3
50.Rb7 Rxa4 51.Rxb6  1/2-1/2

[Event "EU-ch U18"]
[Site "Vejen"]
[Date "1993.??.??"]
[Round "10"]
[White "Antonsen, Mikkel"]
[Black "Nielsen, Peter Heine"]
[Result "1/2-1/2"]
[WhiteElo "2385"]
[BlackElo "2465"]

1.d4 Nf6 2.c4 e6 3.Nf3 Bb4+ 4.Bd2 Bxd2+ 5.Qxd2 d5 6.g3 O-O 7.Bg2 Nbd7 8.Qc2 b6
9.O-O Bb7 10.Rd1 Qe7 11.cxd5 Nxd5 12.e4 N5f6 13.Nc3 c5 14.d5 exd5 15.exd5 Ne5
16.Nh4 Qd7 17.Qf5 Qxf5 18.Nxf5 Rfd8 19.Re1 Nc4 20.b3 Nd6 21.Re7 Nxf5 22.Rxb7 Nd6
23.Rc7 Kf8 24.a4 Nfe8 25.Rc6 Nb7 26.d6 Nbxd6 27.a5  1/2-1/2

[Event "Villa Ballester op"]
[Site "Villa Ballester"]
[Date "1993.??.??"]
[Round "8"]
[White "Casafus, Ruben"]
[Black "Valerga, Diego"]
[Result "1-0"]
[WhiteElo "2405"]
[BlackElo "2325"]

1.Nf3 Nf6 2.c4 e6 3.d4 Bb4+ 4.Bd2 a5 5.Nc3 O-O 6.e3 d6 7.Qc2 Nc6 8.a3 Bxc3
9.Bxc3 Qe7 10.b3 e5 11.d5 Nd8 12.Be2 Ne8 13.Nd2 f5 14.O-O Nf6 15.Rae1 Nf7
16.f4 a4 17.b4 Bd7 18.e4 exf4 19.exf5 Bxf5 20.Bd3 Bxd3 21.Qxd3 Ne5 22.Bxe5 dxe5
23.Rxf4 Rae8 24.Rh4 g6 25.g3 b5 26.cxb5 Rd8 27.Ne4 Kg7 28.Nxf6 Qxf6 29.Qe3 g5
30.Rc4 Rd7 31.Rc6 Qf5 32.Qxe5+ Qxe5 33.Rxe5 Rf3 34.Rxg5+ Kf8 35.d6 cxd6 36.b6 Rb7
37.Rc8+ Kf7 38.Rc7+ Rxc7 39.bxc7 Rf1+ 40.Kxf1  1-0

[Event "Vinkovci"]
[Site "Vinkovci"]
[Date "1993.??.??"]
[Round "8"]
[White "Cvitan, Ognjen"]
[Black "Lisenko, Alexander V"]
[Result "1/2-1/2"]
[WhiteElo "2550"]
[BlackElo "2410"]

1.d4 Nf6 2.c4 e6 3.Nf3 Bb4+ 4.Bd2 Qe7 5.g3 Nc6 6.Nc3 Bxc3 7.Bxc3 Ne4 8.Rc1 O-O
9.Bg2 d6 10.O-O Nxc3 11.Rxc3 e5 12.e3 Bg4 13.h3 Bxf3 14.Bxf3 exd4 15.exd4 Qf6
16.Rd3 Rfe8 17.Bg2 Rab8 18.Qd2 Re7 19.c5 Rbe8 20.Qc3 Nd8 21.b4 c6 22.d5 Qxc3
23.Rxc3 cxd5 24.cxd6 Rd7 25.Bxd5 Rxd6 26.Rd1 Kf8 27.Kf1 Nc6 28.b5 Red8 29.bxc6 bxc6
30.Ra3 R6d7 31.Rd4 cxd5 32.Rda4 Ra8 33.Ke2 Re8+ 34.Kd3 Ree7 35.Rd4 g6 36.Ra5 Re1
37.Rdxd5 Rd1+ 38.Ke4 R1xd5 39.Rxd5 Rb7 40.Ra5 Kg7 41.g4 h6 42.f4 Rb4+ 43.Kf3 Rb7
44.h4 Rc7 45.h5 Rc3+ 46.Ke4 Rc4+ 47.Ke5 f6+ 48.Kd5 Rxf4 49.Rxa7+ Kg8 50.Ke6 Rxg4
51.Ra8+  1/2-1/2

[Event "SWZ-GP Wohlen"]
[Site "Wohlen"]
[Date "1993.??.??"]
[Round "6"]
[White "Cvitan, Ognjen"]
[Black "Wirthensohn, Heinz"]
[Result "1/2-1/2"]
[WhiteElo "2575"]
[BlackElo "2400"]

1.d4 Nf6 2.c4 e6 3.Nf3 Bb4+ 4.Bd2 a5 5.a3 Bxd2+ 6.Qxd2 O-O 7.Nc3 d6 8.e4 Qe7
9.e5 dxe5 10.dxe5 Nfd7 11.O-O-O Nc5 12.Qe3 b6 13.Ng5 Bb7 14.h4 Nba6 15.Bd3 Nxd3+
16.Qxd3 f5 17.exf6 gxf6 18.Nge4 Kh8 19.Qe3 Bc6 20.f3 a4 21.Rhe1 Rae8 22.g4 f5
23.Ng5 fxg4 24.fxg4 Nc5 25.Rf1 e5 26.Kb1 Kg8 27.Rf5 Rxf5 28.gxf5 Qf6 29.Ka2 Qxf5
30.Rg1 Kh8 31.Qe2 Rf8 32.Qh5 Bf3 33.Qxf3 Qxf3 34.Nxf3 Rxf3 35.Re1 Nd3 36.Re4 Rf4
37.Re3 Nc5 38.Rxe5 Rxc4 39.Re8+ Kg7 40.Re7+ Kg8 41.Rxc7 Rxh4 42.Nd5 Nb3 43.Nxb6  1/2-1/2

[Event "Zillertal op"]
[Site "Zillertal"]
[Date "1993.??.??"]
[Round "?"]
[White "Zoler, Dan"]
[Black "Kengis, Edvins"]
[Result "1/2-1/2"]
[WhiteElo "2400"]
[BlackElo "2555"]

1.d4 e6 2.Nf3 Nf6 3.c4 Bb4+ 4.Bd2 c5 5.Bxb4 cxb4 6.e3 O-O 7.Bd3 d6 8.O-O Re8
9.Nbd2 e5 10.dxe5 dxe5 11.Ne4 Nxe4 12.Bxe4 Qe7 13.Qc2 g6 14.c5 Na6 15.c6 Rb8
16.Rac1 b3 17.axb3 bxc6 18.Qxc6 Bb7 19.Qa4 Bxe4 20.Qxe4 Nc5  1/2-1/2

[Event "Zillertal op"]
[Site "Zillertal"]
[Date "1993.??.??"]
[Round "?"]
[White "Steinbacher, Matthias"]
[Black "Dizdar, Goran"]
[Result "1-0"]
[WhiteElo "2295"]
[BlackElo "2490"]

1.d4 Nf6 2.c4 e6 3.Nf3 Bb4+ 4.Bd2 Qe7 5.g3 Nc6 6.Nc3 Bxc3 7.Bxc3 Ne4 8.Rc1 O-O
9.Bg2 d6 10.O-O e5 11.d5 Nd8 12.Nd2 Nxc3 13.Rxc3 f5 14.c5 Nf7 15.Qc2 Bd7
16.cxd6 cxd6 17.Rc1 Rfc8 18.Qb3 b6 19.Qa3 a5 20.Rxc8+ Rxc8 21.Rxc8+ Bxc8
22.Qc3 Qd8 23.f4 Bd7 24.e3 Kf8 25.Bf1 Ke7 26.Ba6 b5 27.Kf2 Qa8 28.Qxa5 Qxd5
29.a4 Qa2 30.Bxb5 Qxb2 31.Bxd7 Kxd7 32.Qd5 Nd8 33.fxe5 Qxe5 34.e4 fxe4 35.Qxe5 dxe5
36.Ke3 Ne6 37.Nb3 Ng5 38.h4 Nf7 39.Kxe4 Ke6 40.Nc5+ Kd6 41.Nd3 Ke6 42.Nc5+ Kd6
43.Nb3 Ke6 44.a5 Nd6+ 45.Kf3 Kd5 46.Nd2 h5 47.a6 Kc6 48.Ne4 Nb5 49.Nd2 Nd6
50.Nb3 Kb6 51.Nc5 Nc4 52.Ke4 g6 53.Nd7+ Kxa6 54.Nxe5  1-0

[Event "Aalborg op"]
[Site "Aalborg"]
[Date "1994.??.??"]
[Round "6"]
[White "Hansen, Carsten"]
[Black "Buch, Carsten"]
[Result "1/2-1/2"]
[WhiteElo "2300"]
[BlackElo "2260"]

1.d4 Nf6 2.c4 e6 3.Nf3 Bb4+ 4.Bd2 Qe7 5.g3 Ne4 6.Bg2 O-O 7.O-O Nxd2 8.Nbxd2 Bxd2
9.Qxd2 d6 10.b4 e5 11.d5 a5 12.a3 Bg4 13.e4 Nd7 14.Nh4 Ra7 15.f3 Bh5 16.Nf5 Qd8
17.Bh3 Bg6 18.Ne3 b6 19.Rfc1 Qe7 20.Qc3 h6 21.Bxd7 Qxd7 22.c5 axb4 23.axb4 Rxa1
24.Rxa1 bxc5 25.bxc5 f5 26.cxd6 cxd6 27.Qc6 Qe7 28.exf5 Bxf5 29.Ra8 Bd3 30.Ng2 Kh7
31.Ne1 Rxa8 32.Qxa8 e4 33.Qa1 Qc7 34.Qd1 Qc5+ 35.Kg2 Qxd5 36.Nxd3 exd3 37.Qd2 Qd4
38.h4 d5 39.h5 Qc4 40.Kf2 Qc2 41.Ke1 d4 42.Qd1 Kg8 43.Qd2 Qc3 44.Kd1 Kh7
45.Ke1 Qb3 46.Kf2 Kh8 47.Kf1 Qb5 48.g4 Qb1+ 49.Qe1 Qb5 50.Kf2 Qb8 51.Qe4 Qb2+
52.Kg3 Qe2 53.Qf5 Kg8 54.Qc8+ Kf7 55.Qd7+ Kf6 56.Qd6+ Qe6 57.Qf8+ Qf7 58.Qd6+ Qe6  1/2-1/2

[Event "Akureyri"]
[Site "Akureyri"]
[Date "1994.??.??"]
[Round "?"]
[White "Sokolov, Ivan"]
[Black "Kristjansson, Olafur"]
[Result "1-0"]
[WhiteElo "2650"]
[BlackElo "2235"]

1.d4 Nf6 2.c4 e6 3.Nf3 Bb4+ 4.Bd2 Qe7 5.g3 Nc6 6.Nc3 Bxc3 7.Bxc3 Ne4 8.Rc1 O-O
9.Bg2 d6 10.d5 Nb8 11.dxe6 Bxe6 12.Nd4 Bd7 13.Qb3 Na6 14.O-O Nac5 15.Qc2 a5
16.Be1 b6 17.f3 Nf6 18.e4 Qe5 19.Rd1 Qe8 20.b3 b5 21.cxb5 Bxb5 22.Rf2 Qb8
23.Bc3 Bd7 24.g4 Qd8 25.g5 Ne8 26.f4 Bg4 27.Re1 f6 28.e5 dxe5 29.fxe5 Ra6
30.Bb2 Ne6 31.Qc4 Qd7 32.Qxa6 Nxd4 33.Qc4+  1-0

[Event "Akureyri"]
[Site "Akureyri"]
[Date "1994.??.??"]
[Round "?"]
[White "Sokolov, Ivan"]
[Black "Petursson, Margeir"]
[Result "1/2-1/2"]
[WhiteElo "2650"]
[BlackElo "2550"]

1.d4 Nf6 2.c4 e6 3.Nf3 Bb4+ 4.Bd2 c5 5.Bxb4 cxb4 6.g3 O-O 7.Bg2 d6 8.O-O Nc6
9.a3 bxa3 10.Rxa3 e5 11.e3 Bg4 12.Qb3 Qe7 13.Nbd2 Rfc8 14.d5 Nb8 15.e4 Qc7
16.Rfa1 b6 17.Ne1 a5 18.Qe3 Na6 19.Nd3 Rab8 20.b3 Bd7 21.h3 Be8 22.f4 Nd7
23.f5 Qd8 24.g4 h6 25.Nf3 Nf6 26.Bf1 Nb4 27.Nxb4 axb4 28.Ra7 b5 29.Nd2 bxc4
30.Bxc4 Ra8 31.Kg2 Rxa7 32.Rxa7 Ra8 33.Rxa8 Qxa8 34.Be2 Qa2 35.h4 Qc2 36.g5 hxg5
37.hxg5 Nh7 38.Kf2 Bd7 39.Nf3 Bb5 40.Nd2 Bd7 41.Nc4  1/2-1/2

[Event "Alcobendas op"]
[Site "Alcobendas"]
[Date "1994.??.??"]
[Round "3"]
[White "Matamoros Franco, Carlos S"]
[Black "Izeta Txabarri, Felix"]
[Result "0-1"]
[WhiteElo "2415"]
[BlackElo "2505"]

1.d4 Nf6 2.c4 e6 3.Nf3 Bb4+ 4.Bd2 c5 5.Bxb4 cxb4 6.g3 b6 7.a3 bxa3 8.Rxa3 Bb7
9.Bg2 O-O 10.O-O d6 11.Nc3 Nbd7 12.Ne1 Bxg2 13.Nxg2 d5 14.cxd5 Nxd5 15.Nxd5 exd5
16.Ne3 Nf6 17.Ra6 Qc8 18.Qd3 Re8 19.Rfa1 Qd7 20.Kg2 h5 21.h4 g6 22.Qa3 Qb5
23.Qd3 Qd7 24.Qa3 Qe6 25.Qb4 Ne4 26.R1a3 Rac8 27.Rxa7 Kg7 28.Rb7 Nd6 29.Rxb6 Qe4+
30.f3 Qb1 31.Rxd6 Rc1 32.Rd7 Rg1+ 33.Kf2 Rh1 34.Rxf7+ Kxf7 35.Qb7+ Kf8  0-1

[Event "Alushta1"]
[Site "Alushta"]
[Date "1994.??.??"]
[Round "2"]
[White "Kuzmin, Gennadi P"]
[Black "Ovsejevitsch, Sergei"]
[Result "1-0"]
[WhiteElo "2505"]
[BlackElo "2325"]

1.d4 Nf6 2.c4 e6 3.Nf3 Bb4+ 4.Bd2 Qe7 5.g3 Nc6 6.Bg2 Bxd2+ 7.Nbxd2 d6 8.O-O O-O
9.Qc2 a5 10.a3 e5 11.d5 Nb8 12.e4 Bg4 13.b4 Na6 14.Rab1 Bxf3 15.Nxf3 axb4
16.axb4 c5 17.dxc6 bxc6 18.Nh4 g6 19.Qd2 c5 20.b5 Nb4 21.Rfd1 Rfd8 22.Ra1 Ne8
23.Bh3 Nc7 24.Ng2 Rxa1 25.Rxa1 Ra8 26.Qd1 Qd8 27.Ne3 Qb8 28.Rxa8 Nxa8 29.Ng4 Nb6
30.Nf6+ Kh8 31.Qd2 Qf8 32.Bf1 Nc8 33.h4 Kg7 34.Ng4 Qe7 35.h5 Nb6 36.Qd1 Qe6
37.h6+ Kf8 38.Bh3 Ke7 39.Qa1 Qd7 40.Qa5 Qb7 41.Ne3 Kd8 42.Bg2 Kc8 43.f4 Qc7
44.Qa1 f6 45.Ng4 Nd7 46.Qa8+ Qb8 47.Qxb8+ Kxb8 48.Bh3 Kc7 49.Ne3 Nf8 50.Kf1 Kb6
51.Ke2 Ka5 52.Kd2  1-0

[Event "Amantea op"]
[Site "Amantea"]
[Date "1994.??.??"]
[Round "?"]
[White "Novikov, Igor A"]
[Black "Djuric, Stefan"]
[Result "1/2-1/2"]
[WhiteElo "2570"]
[BlackElo "2485"]

1.d4 Nf6 2.c4 e6 3.Nf3 Bb4+ 4.Bd2 Qe7 5.g3 Nc6 6.Nc3 O-O 7.Bg2 d6 8.d5 Nb8
9.O-O e5 10.a3 Bxc3 11.Bxc3 Nbd7 12.b4 a5 13.Qc2 Nb6 14.Nd2 axb4 15.axb4 Bg4
16.f3 Bd7 17.e4 c6 18.dxc6 bxc6 19.Rfb1 Be6 20.Bf1 h5 21.Ra5 Rfd8 22.Rba1 h4
23.Rxa8 Nxa8 24.Nb3 hxg3 25.hxg3 Nh5 26.Be1 Qf6 27.Qf2 d5 28.Na5 Bd7 29.Nb7 Rb8
30.Nc5 Be8 31.cxd5 cxd5 32.exd5 Nb6 33.Rd1 Qd6 34.Ne4 Qg6 35.d6 Nf4 36.Nc5 Bc6
37.d7 Rd8 38.Nd3 Nxd7 39.b5 Bb7 40.Nc5 Bd5 41.Nxd7 Rxd7 42.Qe3 Qg5 43.Kf2 Rd6
44.Rxd5 Rxd5 45.gxf4 exf4 46.Qe8+ Kh7 47.Qe4+ g6 48.Qe8 Qf6 49.Bc3  1/2-1/2

[Event "Amstelveen"]
[Site "Amstelveen"]
[Date "1994.??.??"]
[Round "3"]
[White "Gelpke, Peter"]
[Black "Reeh, Oliver"]
[Result "1/2-1/2"]
[WhiteElo "2405"]
[BlackElo "2430"]

1.d4 Nf6 2.c4 e6 3.Nf3 Bb4+ 4.Bd2 Qe7 5.g3 Nc6 6.Bg2 Bxd2+ 7.Nbxd2 d6 8.O-O a5
9.e4 e5 10.d5 Nb8 11.Ne1 O-O 12.Nd3 Na6 13.Qc2 c6 14.dxc6 bxc6 15.Qc3 a4
16.f4 Ng4 17.Rfc1 Qa7+ 18.c5 dxc5 19.Nc4 exf4 20.Nxf4 Nc7 21.h3  1/2-1/2

[Event "AUT-chT"]
[Site "?"]
[Date "1994.??.??"]
[Round "?"]
[White "Duer, Werner"]
[Black "Petschar, Kurt"]
[Result "1/2-1/2"]
[WhiteElo "2300"]
[BlackElo "2325"]

1.d4 Nf6 2.Nf3 e6 3.c4 Bb4+ 4.Bd2 Qe7 5.g3 Nc6 6.Nc3 O-O 7.Bg2 Bxc3 8.Bxc3 Ne4
9.Rc1 d6 10.d5 Nb8 11.O-O a5 12.dxe6 fxe6 13.Be1 Nd7 14.Qc2 Nec5 15.Nd4 Nf6
16.Nb3 Nxb3 17.axb3 Ra6 18.b4 axb4 19.Bxb4 c5 20.Bd2 b6 21.Qd3 Rd8 22.Bc3 Bb7
23.e4 e5 24.f4 Rda8 25.f5 Nd7 26.g4 Nb8 27.Qg3 Nc6 28.g5 Rf8 29.Rf2 Nd4 30.Bd2 Ra2
31.Be3 Rfa8 32.h4 Ra1 33.Rxa1 Rxa1+ 34.Kh2 Ra8 35.h5 Rf8 36.f6 Qe8 37.Qh4 Bc8
38.fxg7 Kxg7 39.Rxf8 Qxf8 40.g6 hxg6 41.Qg5 Qf6 42.Qh6+ Kg8 43.hxg6 Qh8 44.Qxh8+ Kxh8
45.Bh6 Be6 46.Bf8 Bxc4 47.Bxd6 Kg7 48.Bxe5+ Kxg6 49.Bc7 b5 50.Bd6 Ne6 51.Kg3 Be2
52.Kf2 Bc4 53.Ke3 Kf7 54.e5 b4 55.Bf3 Ke8 56.Bc6+ Kf7 57.Ke4 Bf1 58.Ke3 Bc4
59.Be4 Ke8 60.Bd3 Bd5 61.Bf5 Kd8 62.Kf2 Kc8 63.Kg3 Kd8 64.Kg4  1/2-1/2

[Event "Bad Ragaz op"]
[Site "Bad Ragaz"]
[Date "1994.??.??"]
[Round "4"]
[White "Peric, Slavisa"]
[Black "Maric, Mirjana"]
[Result "1/2-1/2"]
[WhiteElo "2335"]
[BlackElo "2280"]

1.d4 Nf6 2.c4 e6 3.Nf3 Bb4+ 4.Bd2 Qe7 5.Qc2 Bxd2+ 6.Nbxd2 d6 7.g3 e5 8.e4 O-O
9.Bg2 a5 10.b3 a4 11.O-O axb3 12.axb3 Rxa1 13.Rxa1 exd4 14.Nxd4 Qe5 15.Qc3 Nc6
16.Nb5 Qxc3 17.Nxc3 Nd4 18.f3 Bd7 19.Ra7 Rb8  1/2-1/2

[Event "Balatonbereny op"]
[Site "Balatonbereny"]
[Date "1994.??.??"]
[Round "7"]
[White "Meszaros, Attila"]
[Black "Stiemer, Soenke"]
[Result "1/2-1/2"]
[WhiteElo "2330"]
[BlackElo "2035"]

1.d4 e6 2.c4 Nf6 3.Nf3 Bb4+ 4.Bd2 Bxd2+ 5.Nfxd2 O-O 6.g3 d5 7.Bg2 c6 8.e3 Nbd7
9.O-O e5 10.cxd5 Nxd5 11.Nc4 exd4 12.Qxd4 N7f6 13.Rd1 Be6 14.Nc3 Nxc3 15.Qxc3 Qc7
16.e4 Rfd8 17.b3 Rxd1+ 18.Rxd1 Rd8 19.Rxd8+ Qxd8 20.Ne3 h6 21.f3 Qd7 22.Kf2 b6
23.Bf1 c5 24.Ke1 Kf8  1/2-1/2

[Event "Belgrade"]
[Site "Belgrade"]
[Date "1994.??.??"]
[Round "3"]
[White "Shipov, Sergei"]
[Black "Drasko, Milan"]
[Result "1-0"]
[WhiteElo "2525"]
[BlackElo "2545"]

1.d4 Nf6 2.c4 e6 3.Nf3 Bb4+ 4.Bd2 Qe7 5.g3 Nc6 6.Nc3 Bxc3 7.Bxc3 Ne4 8.Qc2 Nxc3
9.Qxc3 O-O 10.Bg2 d6 11.d5 Nb8 12.dxe6 fxe6 13.O-O a5 14.Nd4 e5 15.Nb3 a4
16.Nd2 Nc6 17.e3 Be6 18.b4 axb3 19.axb3 Rxa1 20.Qxa1 Qd7 21.Rc1 Bh3 22.Bh1 Qf5
23.Ne4 h5 24.Qb2 Nd8 25.Qd2 Nf7 26.c5 dxc5 27.Nxc5 Rd8 28.Qe2 Ng5 29.f4 exf4
30.exf4 Ne6 31.Nxe6 Qxe6 32.Qxe6+ Bxe6 33.Bxb7 Bxb3 34.Bf3 h4 35.Rxc7 hxg3
36.hxg3 Bd5 37.Be2 Be6 38.Re7 Bf7 39.Kf2 Kf8 40.Ra7 Be6 41.g4 Rd7 42.Ra6 Ke7
43.f5 Bf7 44.g5 Rd6 45.Ra7+ Rd7 46.Ra4 Rc7 47.Kg3 Be8 48.Ra6 Bf7 49.Bg4 Bd5
50.Bh5 Rc8 51.Ra7+ Kf8 52.Kf4 Bb3 53.Bg4 Rc4+ 54.Kg3 Ra4 55.Rc7 Bd5 56.Bh5 Rb4
57.f6 gxf6 58.gxf6 Be6 59.Re7  1-0

[Event "Belgrade Trako"]
[Site "Belgrade"]
[Date "1994.??.??"]
[Round "3"]
[White "Cosma, Ioan"]
[Black "Mijailovic, Zoran"]
[Result "1-0"]
[WhiteElo "2435"]
[BlackElo "2355"]

1.d4 Nf6 2.c4 e6 3.Nf3 Bb4+ 4.Bd2 c5 5.Bxb4 cxb4 6.g3 O-O 7.Bg2 d6 8.O-O Qc7
9.Nbd2 a5 10.a3 Na6 11.Qb3 Re8 12.Rfd1 Rb8 13.axb4 Nxb4 14.Qa4 b6 15.Ne4 Bb7
16.Nxf6+ gxf6 17.Qb3 d5 18.Rdc1 dxc4 19.Rxc4 Qe7 20.Qe3 Rbc8 21.Rac1 Rxc4
22.Rxc4 Ba6 23.Rc1 Nd5 24.Qd2 Qb4 25.e4 Qxd2 26.Nxd2 Nb4 27.Bf1 Bxf1 28.Kxf1 Rd8
29.Nf3 Nd3 30.Rc2 Nb4 31.Rc7 f5 32.exf5 exf5 33.Nh4 Rxd4 34.Rc8+  1-0

[Event "Belgrade Trako"]
[Site "Belgrade"]
[Date "1994.??.??"]
[Round "4"]
[White "Genov, Petar"]
[Black "Mijailovic, Zoran"]
[Result "1-0"]
[WhiteElo "2470"]
[BlackElo "2355"]

1.d4 Nf6 2.c4 e6 3.Nf3 Bb4+ 4.Bd2 c5 5.Bxb4 cxb4 6.g3 O-O 7.Bg2 d6 8.Nbd2 a5
9.Nf1 b6 10.Ne3 Ba6 11.O-O Nbd7 12.Rc1 Rc8 13.Qa4 Bb7 14.a3 bxa3 15.Qxa3 Qc7
16.Rfd1 Rfd8 17.Ne1 Bxg2 18.Kxg2 Nb8 19.Nd3 Nc6 20.Ne1 Nb4 21.N1c2 Nxc2 22.Rxc2 g6
23.b4 Ra8 24.Rb2 Nd7 25.Rdb1 Rdc8 26.Qd3 axb4 27.Rxb4 Ra5 28.Nd1 e5 29.Ne3 exd4
30.Nd5 Qd8 31.Qxd4 Rac5 32.Ra1 Ra8 33.Rab1 Ra2 34.Kf1 h5 35.Nxb6 Nf6 36.Nd5 Nxd5
37.cxd5 Rc8  1-0

[Event "Berliner Sommer"]
[Site "Berlin"]
[Date "1994.??.??"]
[Round "?"]
[White "Soffer, Ram"]
[Black "Kruszynski, Wlodzimierz"]
[Result "1-0"]
[WhiteElo "2515"]
[BlackElo "2375"]

1.d4 Nf6 2.c4 e6 3.Nf3 Bb4+ 4.Bd2 c5 5.Bxb4 cxb4 6.e3 O-O 7.Be2 b6 8.O-O Bb7
9.Ne5 Qc7 10.Nd2 d6 11.Nd3 a5 12.a3 bxa3 13.bxa3 Nbd7 14.Qb3 e5 15.Rfc1 Rfe8
16.Bf1 Rab8 17.Qb2 h6 18.a4 Ne4 19.Nb1 Qd8 20.Nc3 Nxc3 21.Qxc3 Rc8 22.Qb2 Ba6
23.Ne1 exd4 24.exd4 Qf6 25.Nf3 Rc7 26.Ra3 Rec8 27.Rac3 Bb7 28.Qd2 Bc6 29.Qd1 Bb7
30.Qd2 Bc6 31.Qd1 Bb7 32.Ne1 Ba6 33.Nc2 Bb7 34.Ne3 Qg5 35.Rb1 Bc6 36.g3 Rb8
37.Bg2 Bxg2 38.Kxg2 Nf6 39.Rcb3 Nd7 40.Rb5 Qg6 41.Nd5  1-0

[Event "Berliner Sommer"]
[Site "Berlin"]
[Date "1994.??.??"]
[Round "?"]
[White "Levin, Felix"]
[Black "Wahls, Matthias"]
[Result "0-1"]
[WhiteElo "2480"]
[BlackElo "2540"]

1.d4 Nf6 2.c4 e6 3.Nf3 Bb4+ 4.Bd2 Qe7 5.Nc3 b6 6.g3 Bb7 7.Bg2 O-O 8.O-O Bxc3
9.Bxc3 Ne4 10.Qc2 Nxc3 11.Qxc3 d6 12.Ne1 c5 13.Bxb7 Qxb7 14.Rd1 Nd7 15.dxc5 Nxc5
16.Nd3 Ne4 17.Qb4 Rfd8 18.Nf4 Qc6 19.f3 Nf6 20.b3 a5 21.Qd2 b5 22.cxb5 Qxb5
23.e4 d5 24.e5 Nd7 25.Rfe1 h6 26.Rc1 Rdc8 27.Nd3 a4 28.b4 a3 29.f4 Rc4 30.Rxc4 dxc4
31.Nf2 Nb6 32.Ne4 Nd5 33.Rb1 Ra4 34.Nd6 Qb6+ 35.Qf2 Qxf2+ 36.Kxf2 Nxb4 37.Nxc4 Nxa2
38.Rb8+ Kh7 39.Nd2 Nc1 40.Rb1 a2 41.Ra1 Rb4  0-1